000 01610cam a2200169 4500500
005 20260301000535.0
041 _afre
042 _adc
100 1 0 _aLhoste, Évelyne Françoise
_eauthor
700 1 0 _ade Montera, Béatrice
_eauthor
245 0 0 _aAnimal Experiments: A Responsibility to Speak Out and to Share
260 _c2011.
500 _a24
520 _aThe Primequal research program, aimed at studying air quality at the local scale, was initiated in 1995 by the Ministry in charge of the Environment and by ADEME (French Environment and Energy Management Agency). Designed as a multidisciplinary program, it centered chiefly on the physico-chemical and sanitary aspects of air pollution. Human and social sciences, though regularly invited to participate in the program, have remained little involved. To overcome this problem, a special call for research wholly dedicated to the field was set up in 2004. Eight projects, whose results are briefly summarized and discussed in this paper, were funded. For the authors, one of the main findings of this research is the remaining gap, due to poor governance, between the institutional approach to air quality based on monitoring and administrative overseeing and the population’s lack of grasp and involvement regarding an issue to which they are, however, highly sensitive and whose sanitary implications they are strongly aware of.
786 0 _nNatures Sciences Sociétés | 19 | 2 | 2011-06-01 | p. 165-172 | 1240-1307
856 4 1 _uhttps://stm.cairn.info/journal-natures-sciences-societes-2011-2-page-165?lang=en&redirect-ssocas=7080
999 _c1671880
_d1671880